00366nam a2200181Ia 4500003000900000008004100009040001300050040001300063041000800076100001600084245002400100250001200124260001200136260000900148300001100157300001000168490000600178IT-RoPAU120407s9999 xx 000 0 und d aIT-RoPAU cIT-RoPAU aita aUgo Foscolo aLiriche e tragedie. aBologna aCapitol c1960 a396 p. c16 cm v1